[Event "Khanty-Mansiysk Governor Cup 15th"]
[Site "Khanty-Mansiysk"]
[Date "2019.11.25"]
[Round "9"]
[White "Martynyuk, Elizaveta"]
[Black "Dorofeeva, Nyurguiaana"]
[Result "1-0"]
[WhiteElo "2020"]
[BlackElo "1848"]
[PlyCount "111"]
[EventDate "2019.11.19"]
[EventType "swiss"]
[EventRounds "9"]
[EventCountry "RUS"]
[SourceTitle "CBM 193 Extra"]
[Source "ChessBase"]
[SourceDate "2020.01.31"]
[SourceVersion "1"]
[SourceVersionDate "2020.01.31"]
[SourceQuality "1"]

1. e4 e5 2. Nf3 Nc6 3. Bc4 Bc5 4. c3 Nf6 5. d3 0-0 6. 0-0 d5 7. exd5 Nxd5 8. Nbd2 Nb6 9. Bb5 Bd6 10. Ne4 h6 11. Re1 f5 12. Qb3+ Kh8 13. Ng3 Qf6 14. Bd2 Be6 15. c4 Nd7 16. Bxc6 bxc6 17. Bc3 Bf7 18. Re2 Bg6 19. Rae1 Rae8 20. Qd1 h5 21. h4 c5 22. Qa4 Nb6 23. Qxa7 Ra8 24. Qb7 Rfb8 25. Qc6 Be8 26. Qxa8 Rxa8 27. Nxe5 f4 28. Nf3 Qf8 29. Nf5 Qxf5 30. Rxe8+ Rxe8 31. Rxe8+ Bf8 32. Ne5 Kg8 33. Rd8 Kh7 34. Nf3 Be7 35. Re8 Qd7 36. Rb8 Qxd3 37. Rb7 Qd1+ 38. Kh2 Bd6 39. b3 Qe2 40. a4 Qxf2 41. a5 Nd7 42. a6 Ne5 43. Bxe5 Bxe5 44. a7 Qg3+ 45. Kh1 g5 46. a8Q gxh4 47. Qe8 Bg7 48. Qxh5+ Kg8 49. Rb8+ Bf8 50. Qd5+ Kg7 51. Qe5+ Kh6 52. Rxf8 h3 53. Qh8+ Kg6 54. Qf6+ Kh5 55. Rh8+ Kg4 56. Ne5# 1-0

[Event "Khanty-Mansiysk Governor Cup 15th"]
[Site "Khanty-Mansiysk"]
[Date "2019.11.23"]
[Round "7"]
[White "Voskresenskaya, Marta"]
[Black "Dorofeeva, Nyurguiaana"]
[Result "1-0"]
[WhiteElo "1859"]
[BlackElo "1848"]
[PlyCount "151"]
[EventDate "2019.11.19"]
[EventType "swiss"]
[EventRounds "9"]
[EventCountry "RUS"]
[SourceTitle "CBM 193 Extra"]
[Source "ChessBase"]
[SourceDate "2020.01.31"]
[SourceVersion "1"]
[SourceVersionDate "2020.01.31"]
[SourceQuality "1"]

1. d4 Nf6 2. Nf3 e6 3. c4 Bb4+ 4. Bd2 c5 5. g3 Qb6 6. e3 Nc6 7. Bxb4 Qxb4+ 8. Qd2 Ne4 9. Qxb4 Nxb4 10. Na3 b6 11. Be2 Bb7 12. 0-0 a6 13. dxc5 bxc5 14. Rfd1 d6 15. Nd2 Ng5 16. f3 f5 17. Rdc1 h5 18. h4 Nf7 19. Nc2 Nc6 20. f4 Ke7 21. e4 g6 22. Re1 Kf6 23. Bf3 e5 24. Re3 Nh6 25. Rb3 Rab8 26. Rb6 Ba8 27. Rxb8 Rxb8 28. b3 Ng4 29. Bxg4 hxg4 30. Ne3 Nd4 31. Nd5+ Bxd5 32. fxe5+ dxe5 33. cxd5 Nf3+ 34. Nxf3 gxf3 35. exf5 Kxf5 36. Kf2 e4 37. Rc1 Re8 38. Ke3 Kg4 39. d6 Kxg3 40. Rg1+ Kxh4 41. Rxg6 Rf8 42. Rg1 f2 43. Rf1 Kg3 44. d7 Rd8 45. Rxf2 Rxd7 46. Rc2 Rd5 47. Kxe4 Rh5 48. Kd3 Kf3 49. Kc4 Ke3 50. Rg2 a5 51. Kb5 Kd4 52. Rg4+ Kc3 53. Kxa5 c4+ 54. Ka4 cxb3 55. axb3 Rh8 56. Rc4+ Kd3 57. Rc5 Ra8+ 58. Ra5 Rb8 59. b4 Kc4 60. Rc5+ Kd4 61. Rg5 Kc4 62. Rc5+ Kd4 63. Kb3 Rb7 64. Rh5 Rc7 65. b5 Rc5 66. Rh4+ Kd5 67. Kb4 Rc1 68. Rh6 Rb1+ 69. Ka5 Ra1+ 70. Kb6 Rb1 71. Ka6 Ra1+ 72. Kb7 Kc5 73. b6 Rb1 74. Kc7 Kb5 75. b7 Rc1+ 76. Kd7 1-0

[Event "Khanty-Mansiysk Governor Cup 15th"]
[Site "Khanty-Mansiysk"]
[Date "2019.11.20"]
[Round "2"]
[White "Chinguun, Sumiya"]
[Black "Dorofeeva, Nyurguiaana"]
[Result "1-0"]
[WhiteElo "2307"]
[BlackElo "1848"]
[PlyCount "63"]
[EventDate "2019.11.19"]
[EventType "swiss"]
[EventRounds "9"]
[EventCountry "RUS"]
[SourceTitle "CBM 193 Extra"]
[Source "ChessBase"]
[SourceDate "2020.01.31"]
[SourceVersion "1"]
[SourceVersionDate "2020.01.31"]
[SourceQuality "1"]

1. e4 c6 2. c4 d5 3. cxd5 cxd5 4. exd5 Qxd5 5. Nc3 Qa5 6. Nf3 Nf6 7. d4 g6 8. Bb5+ Bd7 9. Bc4 Bg7 10. Qb3 e6 11. Qxb7 Bc6 12. Bb5 Bxb5 13. Qxb5+ Qxb5 14. Nxb5 Nd5 15. b3 0-0 16. Ba3 Rc8 17. 0-0 Nd7 18. Rfc1 a5 19. Nd6 Rxc1+ 20. Rxc1 Bf8 21. Ne5 Nxe5 22. dxe5 Nb4 23. Rc7 Nxa2 24. g3 Rb8 25. Bc5 Rxb3 26. Rc8 Rb1+ 27. Kg2 Rc1 28. Ne4 a4 29. Nf6+ Kh8 30. Rxf8+ Kg7 31. Rg8+ Kh6 32. Be3+ 1-0

[Event "Khanty-Mansiysk Governor Cup 15th"]
[Site "Khanty-Mansiysk"]
[Date "2019.11.19"]
[Round "1"]
[White "Remizov, Yaroslav"]
[Black "Dorofeeva, Nyurguiaana"]
[Result "1-0"]
[WhiteElo "2394"]
[BlackElo "1848"]
[PlyCount "77"]
[EventDate "2019.11.19"]
[EventType "swiss"]
[EventRounds "9"]
[EventCountry "RUS"]
[SourceTitle "CBM 193 Extra"]
[Source "ChessBase"]
[SourceDate "2020.01.31"]
[SourceVersion "1"]
[SourceVersionDate "2020.01.31"]
[SourceQuality "1"]

1. e4 c6 2. d4 d5 3. e5 c5 4. dxc5 Nc6 5. Nf3 Bg4 6. c3 e6 7. Be3 Bxf3 8. Qxf3 Nxe5 9. Bb5+ Nc6 10. 0-0 Nf6 11. c4 Be7 12. Nc3 Qa5 13. Bd2 0-0 14. Bxc6 bxc6 15. Nxd5 Qxd2 16. Nxe7+ Kh8 17. b3 Qg5 18. Qe3 Qxe3 19. fxe3 Nd7 20. Nxc6 Nxc5 21. Rad1 a5 22. Ne5 f6 23. Nd7 Nxd7 24. Rxd7 Rfc8 25. Rfd1 h5 26. Rb7 a4 27. Rdd7 axb3 28. axb3 Rg8 29. c5 Rac8 30. b4 Kh7 31. Rd6 Rge8 32. c6 Kg6 33. b5 f5 34. c7 Kf6 35. b6 Ke7 36. Rd1 e5 37. Ra7 g5 38. b7 Rxc7 39. b8Q 1-0

[Event "Moscow-ch final (Women)"]
[Site "Moscow"]
[Date "2019.04.06"]
[Round "8"]
[White "Dorofeeva, Nyurguiaana"]
[Black "Shevtsova, Stefania"]
[Result "1-0"]
[WhiteElo "1879"]
[BlackElo "1684"]
[PlyCount "103"]
[EventDate "2019.03.30"]
[EventType "swiss"]
[EventRounds "9"]
[EventCountry "RUS"]
[SourceTitle "CBM 189 Extra"]
[Source "ChessBase"]
[SourceDate "2019.06.03"]
[SourceVersion "1"]
[SourceVersionDate "2019.06.03"]
[SourceQuality "1"]

1. Nf3 Nf6 2. d4 d5 3. Bf4 c5 4. e3 Nc6 5. c3 Qb6 6. Qc1 Bf5 7. Nbd2 h6 8. h3 e6 9. Be2 Be7 10. 0-0 0-0 11. Re1 c4 12. Bd1 Rfc8 13. Bc2 Qd8 14. Bxf5 exf5 15. Ne5 Ne4 16. Ndf3 Nb8 17. Qd1 g5 18. Bh2 f6 19. Ng6 Bd6 20. Bxd6 Qxd6 21. h4 g4 22. Nd2 g3 23. Nxe4 fxe4 24. fxg3 Kh7 25. Qg4 Nc6 26. Qf5 Kg7 27. Nf4 Ne7 28. Nh5+ Kh8 29. Qxf6+ Qxf6 30. Nxf6 Rc6 31. Rf1 Rb6 32. Rf2 Rf8 33. Raf1 Rd6 34. Ng4 Rxf2 35. Rxf2 Kg7 36. Ne5 Rf6 37. Rxf6 Kxf6 38. g4 h5 39. gxh5 Nf5 40. Kf2 Nxh4 41. g4 Kg5 42. Kg3 Nf3 43. Nxf3+ exf3 44. Kxf3 b5 45. e4 dxe4+ 46. Kxe4 a5 47. d5 b4 48. d6 a4 49. d7 a3 50. d8Q+ Kh6 51. Qg8 axb2 52. Qg6# 1-0

[Event "Moscow-ch final (Women)"]
[Site "Moscow"]
[Date "2019.04.03"]
[Round "5"]
[White "Sayafarova, Anna"]
[Black "Dorofeeva, Nyurguiaana"]
[Result "1-0"]
[WhiteElo "1794"]
[BlackElo "1879"]
[PlyCount "111"]
[EventDate "2019.03.30"]
[EventType "swiss"]
[EventRounds "9"]
[EventCountry "RUS"]
[SourceTitle "CBM 189 Extra"]
[Source "ChessBase"]
[SourceDate "2019.06.03"]
[SourceVersion "1"]
[SourceVersionDate "2019.06.03"]
[SourceQuality "1"]

1. e4 c6 2. d4 d5 3. exd5 cxd5 4. Bd3 Nf6 5. h3 g6 6. Nf3 Nc6 7. c3 Bg7 8. 0-0 0-0 9. Re1 Bf5 10. Bxf5 gxf5 11. Bf4 Ne4 12. Nbd2 e6 13. Nb3 b5 14. Ne5 Nxe5 15. dxe5 Qh4 16. Qf3 Rac8 17. Nd4 a6 18. a4 b4 19. cxb4 Rc4 20. Qe3 Rxb4 21. f3 Ng3 22. Rad1 Nh5 23. Bg5 Qg3 24. Ne2 Qxe5 25. Qa7 Qxb2 26. Rd2 Rb7 27. Qf2 Qb4 28. g4 fxg4 29. hxg4 Nf6 30. Qh4 Nd7 31. Nf4 Qxd2 32. Nxe6 Qxe1+ 33. Qxe1 fxe6 34. Qxe6+ Kh8 35. Qxd5 Rb1+ 36. Kg2 Rb2+ 37. Kg3 Ne5 38. f4 Ng6 39. f5 h6 40. fxg6 Rbf2 41. Be3 R2f3+ 42. Qxf3 Rxf3+ 43. Kxf3 Bf8 44. Ke4 Kg7 45. Kf5 Be7 46. Bd4+ Kg8 47. Ke6 Bg5 48. Kd7 Bd2 49. Kc6 a5 50. Kb5 Be1 51. Bb6 Kg7 52. Bxa5 Bg3 53. Bb6 Kxg6 54. a5 Kg5 55. a6 Bb8 56. Kc6 1-0

[Event "Moscow-ch final (Women)"]
[Site "Moscow"]
[Date "2019.03.31"]
[Round "2"]
[White "Dorofeeva, Nyurguiaana"]
[Black "Putinceva, Marina"]
[Result "1-0"]
[WhiteElo "1879"]
[BlackElo "1519"]
[PlyCount "167"]
[EventDate "2019.03.30"]
[EventType "swiss"]
[EventRounds "9"]
[EventCountry "RUS"]
[SourceTitle "CBM 189 Extra"]
[Source "ChessBase"]
[SourceDate "2019.06.03"]
[SourceVersion "1"]
[SourceVersionDate "2019.06.03"]
[SourceQuality "1"]

1. Nf3 Nf6 2. d4 e6 3. Bf4 c5 4. e3 b6 5. c3 Be7 6. Nbd2 Nh5 7. Bg3 Nc6 8. Bd3 g6 9. Ne4 Nxg3 10. hxg3 d5 11. Ned2 cxd4 12. exd4 Bf6 13. Qe2 Qd6 14. Nf1 Bb7 15. Ne3 Bg7 16. g4 h6 17. g5 hxg5 18. Rxh8+ Bxh8 19. Nxg5 Bf6 20. Qg4 Qe7 21. Nh7 Bg7 22. 0-0-0 0-0-0 23. Rh1 Kb8 24. Ng5 Rh8 25. Rxh8+ Bxh8 26. Qf4+ Ka8 27. Nxf7 Bf6 28. Bxg6 a5 29. Qd6 Qe8 30. Ng4 Be7 31. Qh2 Ka7 32. Qh8 Qd7 33. Nfe5 Nxe5 34. Nxe5 Bg5+ 35. Kb1 Qa4 36. Qh5 Bf4 37. Bc2 Qb5 38. Nd3 Bd2 39. a4 Qd7 40. Qe2 Bh6 41. g4 Ba6 42. Qe5 Qf7 43. g5 Bg7 44. Qe3 Bc4 45. b3 Ba6 46. f4 Bc8 47. Ne5 Qh5 48. Nc6+ Ka8 49. Ne7 Bd7 50. Ng6 Qh1+ 51. Kb2 Qf1 52. Qd3 Qxd3 53. Bxd3 Be8 54. Ne5 Bh5 55. f5 exf5 56. Bxf5 Kb7 57. Be6 Kc7 58. Bxd5 Kd6 59. Bf3 Be8 60. Nc4+ Kc7 61. Ne3 Kd6 62. Nf5+ Kc7 63. Nxg7 Bd7 64. Be4 Kd6 65. Nf5+ Ke6 66. Ne3 Be8 67. c4 Bh5 68. Kc3 Be8 69. Ng4 Bh5 70. d5+ Kd7 71. Nf6+ Kd6 72. Nxh5 b5 73. cxb5 Ke5 74. g6 Kd6 75. g7 Kc5 76. g8Q Kd6 77. Qe6+ Kc7 78. Qc6+ Kd8 79. Qb7 Ke8 80. Bg6+ Kd8 81. Qf7 Kc8 82. b6 Kb8 83. Qc7+ Ka8 84. Qa7# 1-0

[Event "Moscow-ch final (Women)"]
[Site "Moscow"]
[Date "2019.03.30"]
[Round "1"]
[White "Charochkina, Daria"]
[Black "Dorofeeva, Nyurguiaana"]
[Result "1-0"]
[WhiteElo "2333"]
[BlackElo "1879"]
[PlyCount "119"]
[EventDate "2019.03.30"]
[EventType "swiss"]
[EventRounds "9"]
[EventCountry "RUS"]
[SourceTitle "CBM 189 Extra"]
[Source "ChessBase"]
[SourceDate "2019.06.03"]
[SourceVersion "1"]
[SourceVersionDate "2019.06.03"]
[SourceQuality "1"]

1. d4 d5 2. Bf4 Nf6 3. e3 c5 4. c3 Nc6 5. Nd2 Qb6 6. Qc2 g6 7. Bd3 c4 8. Be2 Bf5 9. Qc1 Rc8 10. Ngf3 Bg7 11. Ne5 Nxe5 12. Bxe5 0-0 13. 0-0 Nd7 14. Bxg7 Kxg7 15. b3 Bd3 16. Re1 e5 17. bxc4 dxc4 18. Bxd3 cxd3 19. Rb1 Qc7 20. c4 Rfe8 21. Qb2 b6 22. e4 Kg8 23. d5 Nc5 24. Rbc1 f5 25. f3 Qe7 26. Nb3 fxe4 27. fxe4 Qg5 28. Qd2 Qxd2 29. Nxd2 Rf8 30. Re3 Rf4 31. g3 Rf6 32. Rf1 Rcf8 33. Rxf6 Rxf6 34. Nb3 Kf7 35. Nxc5 bxc5 36. Rxd3 Ra6 37. a3 Ke7 38. Rb3 Kd6 39. Kf2 Ra4 40. Rc3 Ra6 41. Rf3 Ke7 42. Rb3 Kd6 43. Ke3 Kc7 44. Kd2 Rf6 45. Rb5 Kd6 46. Ra5 Rf2+ 47. Ke3 Rxh2 48. Ra6+ Kd7 49. Rxa7+ Kd6 50. a4 Ra2 51. a5 h5 52. a6 Ra3+ 53. Kf2 Ra2+ 54. Kf1 Ra1+ 55. Kg2 Ra4 56. Rg7 Rxc4 57. a7 Ra4 58. Rxg6+ Kc7 59. d6+ Kc6 60. d7+ 1-0

[Event "Moscow op-B (Women)"]
[Site "Moscow"]
[Date "2016.02.07"]
[Round "9"]
[White "Dorofeeva, Nyurguiaana"]
[Black "Mamontova, Anastasia"]
[Result "0-1"]
[WhiteElo "1813"]
[BlackElo "1975"]
[PlyCount "60"]
[EventDate "2016.01.30"]
[EventType "swiss"]
[EventRounds "9"]
[EventCountry "RUS"]
[SourceTitle "CBM 170 Extra"]
[Source "ChessBase"]
[SourceDate "2016.02.25"]
[SourceVersion "1"]
[SourceVersionDate "2016.02.25"]
[SourceQuality "1"]

1. d4 Nf6 2. Bf4 e6 3. e3 c5 4. c3 b6 5. Nf3 Bb7 6. Nbd2 Be7 7. h3 0-0 8. Bd3 Nd5 9. Bg3 f5 10. 0-0 f4 11. exf4 Nxf4 12. Bxf4 Rxf4 13. Qc2 h6 14. Ne5 Bd6 15. Bh7+ Kh8 16. Ng6+ Kxh7 17. Nxf4+ Kg8 18. Ne2 cxd4 19. cxd4 Nc6 20. Nc4 Bc7 21. Ne3 Rc8 22. Qd2 Qg5 23. Rad1 Ne7 24. f3 Ng6 25. d5 Ba6 26. dxe6 dxe6 27. Ng4 Qc5+ 28. Kh1 h5 29. Nf2 Qe5 30. Nf4 Bxf1 0-1

[Event "Moscow op-B (Women)"]
[Site "Moscow"]
[Date "2016.02.02"]
[Round "4"]
[White "Dorofeeva, Nyurguiaana"]
[Black "Nasyrova, Ekaterina"]
[Result "1-0"]
[WhiteElo "1813"]
[BlackElo "2003"]
[PlyCount "71"]
[EventDate "2016.01.30"]
[EventType "swiss"]
[EventRounds "9"]
[EventCountry "RUS"]
[SourceTitle "CBM 170 Extra"]
[Source "ChessBase"]
[SourceDate "2016.02.25"]
[SourceVersion "1"]
[SourceVersionDate "2016.02.25"]
[SourceQuality "1"]

1. d4 d5 2. Bf4 Nf6 3. e3 c5 4. c3 Nc6 5. Nd2 Bf5 6. Qb3 Qc8 7. dxc5 e6 8. Ngf3 Bxc5 9. Nh4 Bg4 10. h3 Bh5 11. Bd3 e5 12. Bg5 Nd7 13. Nf5 Bg6 14. Qxd5 0-0 15. 0-0 Kh8 16. Nd6 Qb8 17. Bxg6 Bxd6 18. Bxf7 Nb6 19. Qe6 Nd8 20. Bxd8 Qxd8 21. Ne4 Be7 22. Bh5 Qc7 23. Rad1 Rad8 24. Be2 Rfe8 25. Qb3 Rf8 26. Rxd8 Bxd8 27. Rd1 Bh4 28. Bf3 Be7 29. Rd3 Nc4 30. Nd2 Nd6 31. Qd5 Rf5 32. Bg4 Rg5 33. Ne4 Nxe4 34. Qxe4 Rg6 35. Rd7 Qc5 36. b4 1-0

[Event "Moscow op-B (Women)"]
[Site "Moscow"]
[Date "2016.01.30"]
[Round "1"]
[White "Dorofeeva, Nyurguiaana"]
[Black "Sukhareva, Evgenia"]
[Result "0-1"]
[WhiteElo "1813"]
[BlackElo "2138"]
[PlyCount "52"]
[EventDate "2016.01.30"]
[EventType "swiss"]
[EventRounds "9"]
[EventCountry "RUS"]
[SourceTitle "CBM 170 Extra"]
[Source "ChessBase"]
[SourceDate "2016.02.25"]
[SourceVersion "1"]
[SourceVersionDate "2016.02.25"]
[SourceQuality "1"]

1. d4 Nf6 2. Bf4 e6 3. e3 b6 4. Nf3 Be7 5. h3 Bb7 6. Nbd2 c5 7. c4 Nc6 8. Be2 d6 9. 0-0 0-0 10. a3 Qc7 11. Bh2 Rad8 12. Rb1 e5 13. d5 Nb8 14. Qc2 g6 15. Kh1 Nh5 16. g4 Ng7 17. Rg1 f5 18. gxf5 Nxf5 19. Bd3 Bc8 20. h4 Kh8 21. h5 gxh5 22. Ng5 Nh6 23. f4 Ng4 24. Nf1 Bxg5 25. fxg5 Nf2+ 26. Kg2 Qd7 0-1

[Event "RUS-chT U20"]
[Site "Kaliningrad"]
[Date "2013.08.10"]
[Round "9"]
[White "Paramzina, Anastasya"]
[Black "Dorofeeva, Nyurguiaana"]
[Result "1-0"]
[WhiteElo "2064"]
[BlackElo "1706"]
[PlyCount "57"]
[EventDate "2013.08.02"]
[EventType "team-swiss"]
[EventRounds "9"]
[EventCountry "RUS"]
[SourceTitle "EXT 2018"]
[Source "ChessBase"]
[SourceDate "2017.10.13"]
[SourceVersion "1"]
[SourceVersionDate "2017.10.13"]
[SourceQuality "1"]

1. e4 c6 2. d4 d5 3. Nc3 dxe4 4. Nxe4 Bf5 5. Ng3 Bg6 6. h4 h6 7. Nf3 Nd7 8. h5 Bh7 9. Bd3 Bxd3 10. Qxd3 e6 11. Bd2 Ngf6 12. 0-0-0 Be7 13. Ne4 Nxe4 14. Qxe4 Nf6 15. Qd3 0-0 16. g4 Qd5 17. c4 Qe4 18. Qb3 c5 19. Rde1 Qc6 20. d5 Qb6 21. Qc2 Nd7 22. g5 Bxg5 23. Nxg5 hxg5 24. h6 g6 25. dxe6 Nf6 26. Bxg5 Nh7 27. Qc3 f6 28. Qd3 f5 29. Qd7 1-0